[Event "US Seniors op 120th"]
[Site "Orlando"]
[Date "2019.08.06"]
[Round "6"]
[White "Getz, Shelby D"]
[Black "Schill, William"]
[Result "1-0"]
[WhiteElo "2273"]
[BlackElo "2173"]
[PlyCount "81"]
[EventDate "2019.08.03"]
[EventType "swiss"]
[EventRounds "6"]
[EventCountry "USA"]
[SourceTitle "EXT 2020"]
[Source "ChessBase"]
[SourceDate "2019.10.17"]
[SourceVersion "1"]
[SourceVersionDate "2019.10.17"]
[SourceQuality "1"]

1. a3 Nf6 2. d4 g6 3. Nc3 d5 4. Bf4 Bg7 5. Qd2 0-0 6. Bh6 Nbd7 7. Bxg7 Kxg7 8. Nf3 c5 9. e3 Qc7 10. 0-0-0 e6 11. h3 a6 12. g4 b5 13. dxc5 Qxc5 14. Bg2 Nb6 15. Qd4 Qxd4 16. Nxd4 Bb7 17. g5 Nfd7 18. Nb3 Rad8 19. h4 h6 20. f4 Nc4 21. Rhe1 hxg5 22. hxg5 Rh8 23. e4 Ndb6 24. Nc5 Ba8 25. exd5 Rh2 26. Be4 exd5 27. Nxa6 Rc8 28. Bd3 Nxa3 29. Re2 Rxe2 30. Bxe2 Na4 31. Rd3 Nxc3 32. Rxc3 Rxc3 33. bxc3 f6 34. Nc7 Bc6 35. Ne6+ Kg8 36. gxf6 Bd7 37. Ng5 Nc4 38. Bxc4 bxc4 39. Kd2 Bf5 40. Ke3 Bxc2 41. Kd4 1-0

[Event "World op 34th"]
[Site "Philadelphia"]
[Date "2006.07.03"]
[Round "6"]
[White "Gagunashvili, Merab"]
[Black "Getz, Shelby D"]
[Result "1-0"]
[WhiteElo "2560"]
[BlackElo "2304"]
[PlyCount "45"]
[EventDate "2006.06.28"]
[EventType "swiss"]
[EventRounds "9"]
[EventCountry "USA"]
[SourceTitle "CBM 112 Extra"]
[Source "ChessBase"]
[SourceDate "2006.07.14"]
[SourceVersion "1"]
[SourceVersionDate "2006.07.14"]
[SourceQuality "1"]

1. d4 d5 2. c4 Nc6 3. Nf3 Bg4 4. Nc3 e6 5. cxd5 Bxf3 6. exf3 exd5 7. Bb5 Nf6 8. Bxc6+ bxc6 9. 0-0 Be7 10. Na4 0-0 11. Be3 c5 12. dxc5 c6 13. Bd4 Nd7 14. Re1 Bf6 15. Re3 Rb8 16. b3 Rb4 17. Bxf6 Qxf6 18. Qe1 Rxa4 19. bxa4 Nxc5 20. Rd1 Nxa4 21. Qb4 Nb6 22. Rde1 h6 23. Qxf8+ 1-0

[Event "Washington Eastern op 31st"]
[Site "Washington DC"]
[Date "2004.12.28"]
[Round "5"]
[White "Getz, Shelby D"]
[Black "Fayvinov, Zakhar"]
[Result "1-0"]
[WhiteElo "2289"]
[BlackElo "2257"]
[PlyCount "45"]
[EventDate "2004.12.26"]
[EventType "swiss"]
[EventRounds "8"]
[EventCountry "USA"]
[SourceTitle "CBM 104 Extra"]
[Source "ChessBase"]
[SourceDate "2005.03.01"]
[SourceVersion "1"]
[SourceVersionDate "2005.03.01"]
[SourceQuality "1"]

1. e4 e6 2. d4 d5 3. e5 c5 4. c3 Nc6 5. Nf3 Qb6 6. a3 cxd4 7. cxd4 Nh6 8. Nc3 a6 9. Bxh6 gxh6 10. Be2 Bg7 11. Na4 Qa7 12. Rc1 0-0 13. 0-0 f6 14. exf6 Rxf6 15. Nc5 Rxf3 16. Bxf3 Nxd4 17. Bg4 e5 18. Nd3 Nc6 19. Bxc8 Rxc8 20. Nxe5 Rd8 21. Rxc6 Bxe5 22. Qg4+ Kh8 23. Rc8 1-0

[Event "USA-chT Amateur East"]
[Site "Parsippany"]
[Date "2004.02.15"]
[Round "4"]
[White "Kobas, Adnan"]
[Black "Getz, Shelby D"]
[Result "1/2-1/2"]
[WhiteElo "2285"]
[BlackElo "2291"]
[PlyCount "106"]
[EventDate "2004.02.14"]
[EventType "team"]
[EventRounds "6"]
[EventCountry "USA"]
[SourceTitle "EXT 2005"]
[Source "ChessBase"]
[SourceDate "2004.11.15"]
[SourceVersion "1"]
[SourceVersionDate "2004.11.15"]
[SourceQuality "1"]

1. e4 e6 2. d4 d5 3. Nc3 dxe4 4. Nxe4 Bd7 5. Nf3 Bc6 6. Bd3 Nd7 7. Qe2 Ngf6 8. Nxf6+ Nxf6 9. Bg5 Be7 10. 0-0-0 Bxf3 11. Qxf3 Qd5 12. Qxd5 Nxd5 13. Bd2 0-0-0 14. c3 c5 15. dxc5 Bxc5 16. Kc2 a6 17. Rhe1 Rd7 18. Re2 Rhd8 19. Bg5 Be7 20. Bxe7 Nxe7 21. Red2 h6 22. Be4 Rxd2+ 23. Rxd2 Rxd2+ 24. Kxd2 Kc7 25. f4 b6 26. Ke3 Kd6 27. Kd4 f6 28. a4 e5+ 29. fxe5+ fxe5+ 30. Kc4 Ng8 31. b4 Nf6 32. Bb7 a5 33. Kb5 e4 34. Kxb6 e3 35. Bf3 Nd5+ 36. Kb7 Nxb4 37. Kb6 Nd5+ 38. Kxa5 Kc5 39. Ka6 Nxc3 40. a5 e2 41. Bxe2 Nxe2 42. Kb7 Nd4 43. a6 Nb5 44. g4 g6 45. h4 g5 46. h5 Kd5 47. Kb6 Nd6 48. Kc7 Nb5+ 49. Kd7 Na7 50. Kc7 Kc5 51. Kd7 Kd5 52. Kc7 Kc5 53. Kd7 Kd5 1/2-1/2

[Event "Foxwoods op 05th"]
[Site "Connecticut"]
[Date "2003.04.19"]
[Round "4"]
[White "Kurniawan, Bobby"]
[Black "Getz, Shelby D"]
[Result "1-0"]
[WhiteElo "2365"]
[BlackElo "2303"]
[PlyCount "73"]
[EventDate "2003.04.17"]
[EventType "swiss"]
[EventRounds "7"]
[EventCountry "USA"]
[SourceTitle "CBM 093 Extra"]
[Source "ChessBase"]
[SourceDate "2003.05.09"]
[SourceVersion "1"]
[SourceVersionDate "2003.05.09"]
[SourceQuality "1"]

1. d4 Nf6 2. Nf3 g6 3. c4 Bg7 4. Nc3 0-0 5. g3 c5 6. d5 d6 7. Bg2 e6 8. 0-0 exd5 9. cxd5 Re8 10. Nd2 a6 11. a4 Nbd7 12. h3 Rb8 13. a5 Nh5 14. Nc4 Ne5 15. Nxe5 Bxe5 16. e4 b5 17. axb6 Rxb6 18. Kh2 Ng7 19. f4 Bd4 20. Ra4 f5 21. Rxd4 cxd4 22. Qxd4 fxe4 23. Nxe4 Nf5 24. Qc3 Rf8 25. b4 Qe7 26. Bb2 Qg7 27. Qd2 Qb7 28. Bc3 h6 29. g4 Ng7 30. f5 gxf5 31. Qxh6 fxe4 32. Rxf8+ Kxf8 33. Qh8+ Kf7 34. Qxg7+ Ke8 35. Qg8+ Ke7 36. Bxe4 Bd7 37. Qg5+ 1-0

[Event "World op 20th"]
[Site "Philadelphia"]
[Date "1992.??.??"]
[Round "9"]
[White "Dunne, Alex"]
[Black "Getz, Shelby D"]
[Result "0-1"]
[WhiteElo "2235"]
[BlackElo "2295"]
[PlyCount "58"]
[EventDate "1992.06.??"]
[EventType "swiss"]
[EventRounds "9"]
[EventCountry "USA"]
[SourceTitle "TD"]
[Source "ChessBase"]
[SourceDate "1994.03.01"]
[SourceVersion "1"]
[SourceVersionDate "1994.03.01"]
[SourceQuality "1"]

1. e4 c5 2. g3 d5 3. exd5 Qxd5 4. Qf3 Nf6 5. Bg2 Qd8 6. Qb3 Nc6 7. Nf3 e6 8. 0-0 Be7 9. d3 0-0 10. Nc3 Bd7 11. Qc4 Nb4 12. Ne4 Rc8 13. c3 b5 14. Nxf6+ Bxf6 15. Qe4 Bc6 16. Qe3 Nc2 17. Qe2 Nxa1 18. Be3 Qd6 19. Rxa1 Rfd8 20. Rd1 Bd5 21. d4 cxd4 22. Bxd4 Bc4 23. Qd2 e5 24. Be3 Qa6 25. Qc1 Rxd1+ 26. Qxd1 Rd8 27. Qe1 Qxa2 28. b4 Qb2 29. Bg5 Qe2 0-1

[Event "World op 18th"]
[Site "Philadelphia"]
[Date "1990.??.??"]
[Round "9"]
[White "Bonin, Jay R"]
[Black "Getz, Shelby D"]
[Result "0-1"]
[WhiteElo "2385"]
[BlackElo "2295"]
[PlyCount "90"]
[EventDate "1990.06.??"]
[EventType "swiss"]
[EventRounds "9"]
[EventCountry "USA"]
[SourceTitle "EXT 1997"]
[Source "ChessBase"]
[SourceDate "1996.11.15"]
[SourceVersion "1"]
[SourceVersionDate "1996.11.15"]
[SourceQuality "1"]

1. d4 Nf6 2. c4 e5 3. dxe5 Ng4 4. Nf3 Bc5 5. e3 Nc6 6. Be2 0-0 7. Nd4 Ngxe5 8. 0-0 Re8 9. Nc3 Ng6 10. b3 d6 11. Bb2 Bd7 12. Nd5 Nxd4 13. exd4 Bb6 14. Bd3 c6 15. Nxb6 Qxb6 16. Qh5 a5 17. Bc3 a4 18. b4 Re7 19. Qg5 Qd8 20. Qg3 Be6 21. h4 d5 22. h5 Nf8 23. h6 g6 24. Qe5 f5 25. Rae1 Nd7 26. Qg3 Nf6 27. Rxe6 Rxe6 28. Bxf5 Re7 29. Bxg6 Kh8 30. Bf5 Qf8 31. Bd2 Ne4 32. Bxe4 Rxe4 33. f3 Re6 34. cxd5 cxd5 35. Rc1 Qf6 36. Rc7 Rg8 37. Rg7 Rxg7 38. hxg7+ Qxg7 39. Qb8+ Qg8 40. Qc7 Re2 41. g4 Qg6 42. Qd8+ Kg7 43. Qd7+ Qf7 44. Bh6+ Kg6 45. Qd6+ Qf6 0-1